Metodologické základy chozrasčotu v podmienkach rozvinutého socializmu záverečná práca postgraduálneho štúdia

Saved in:
Bibliographic Details
Main Author: Pastorek, Pavol
Corporate Author: Vysoká škola ekonomická v Bratislave
Other Authors: Kopšová, Albína
Format: Book
Language:Slovak
Published: Bratislava 1989
Tags: Add Tag
No Tags, Be the first to tag this record!

MARC

LEADER 00000nam a2200000 4500
001 c036992
005 20221215070848.4
041 0 |a slo 
044 |a SK 
245 1 0 |a Metodologické základy chozrasčotu v podmienkach rozvinutého socializmu  |b záverečná práca postgraduálneho štúdia  |c Pavol Pastorek ; Ved. práce Albína Kopšová 
264 1 |a Bratislava  |c 1989 
300 |a 54 s. 
100 1 |a Pastorek, Pavol 
700 1 |a Kopšová, Albína 
710 2 |a Vysoká škola ekonomická v Bratislave